A imprenta y tírese : 80 años de la editorial CSIC /
Saved in:
| Main Authors: | , |
|---|---|
| Format: | Electronisk eBog |
| Sprog: | spansk |
| Udgivet: |
Madrid :
Consejo Superior de Investigaciones Científicas,
2021.
|
| Serier: | Historia del CSIC ;
2. |
| Fag: | |
| Online adgang: | Digitalia Hispánica |
| Tags: |
Tilføj Tag
Ingen Tags, Vær først til at tagge denne postø!
|
MARC
| LEADER | 00000nam a2200000Ii 4500 | ||
|---|---|---|---|
| 001 | DIGCSIC0595 | ||
| 003 | NyNyDIG | ||
| 006 | m o d | ||
| 007 | cr ||||||||||| | ||
| 008 | 220802s2021 sp ob 000 0 spa d | ||
| 035 | |a (OCoLC)1350507343 | ||
| 040 | |a DGITA |b eng |e rda |e pn |c DGITA | ||
| 020 | |a 9788400106980 |q eBook | ||
| 020 | |z 9788400106973 | ||
| 024 | 7 | |a 833-20-163-0 |q e-NIPO |2 nipo | |
| 024 | 7 | |z 833-20-162-5 |2 nipo | |
| 043 | |a e-sp--- | ||
| 050 | 1 | 4 | |a PN4778 ebook |
| 082 | 0 | 4 | |a 070 |
| 100 | 1 | |a López Sánchez, José María, |e author. | |
| 245 | 1 | 0 | |a A imprenta y tírese : |b 80 años de la editorial CSIC / |c José María López Sánchez, Alba Fernández Gallego. |
| 246 | 3 | 0 | |a 80 años de la editorial CSIC |
| 246 | 3 | |a Ochenta años de la editorial CSIC | |
| 264 | 1 | |a Madrid : |b Consejo Superior de Investigaciones Científicas, |c 2021. | |
| 300 | |a 1 online resource. | ||
| 336 | |a text |b txt |2 rdacontent | ||
| 337 | |a computer |b c |2 rdamedia | ||
| 338 | |a online resource |b cr |2 rdacarrier | ||
| 347 | |a text file |2 rdaft | ||
| 347 | |b PDF | ||
| 490 | 1 | |a Historia del CSIC | |
| 504 | |a Includes bibliographical references. | ||
| 588 | 0 | |a Online resource; title from PDF title page (Digitalia, viewed August 2, 2022) | |
| 610 | 2 | 0 | |a Consejo Superior de Investigaciones Científicas (Spain) |x Publishing |x History. |
| 650 | 0 | |a Science publishing |z Spain |x History. | |
| 655 | 0 | |a Electronic books. | |
| 700 | 1 | |a Fernández Gallego, Alba, |e author. | |
| 791 | 2 | |a Digitalia (Firm), |e distributor. | |
| 793 | 0 | |g Digitalia eBook Collection: |a Editorial CSIC | |
| 776 | 0 | 8 | |i Print version: |a López Sánchez, José María. |t A imprenta y tírese. |d Madrid : Consejo Superior de Investigaciones Científicas, 2021 |z 9788400106973 |
| 830 | 0 | |a Historia del CSIC ; |v 2. | |
| 856 | 4 | 0 | |3 Digitalia Hispánica |u https://digitalia.unach.elogim.com/a/111798/ |
| 910 | |a Premium collection: 2022 | ||